[Event "RLPF-chB"]
[Site "Polch"]
[Date "1990.??.??"]
[Round "?"]
[White "Masendorf, Daniel"]
[Black "May, Frank2222"]
[Result "0-1"]
[WhiteElo "1620"]
[BlackElo "2020"]
[PlyCount "90"]
[EventDate "1990.??.??"]
[EventType "tourn"]
[EventRounds "11"]
[EventCountry "GER"]
[SourceTitle "EXT 2000"]
[Source "ChessBase"]
[SourceDate "1999.11.16"]
[SourceVersion "1"]
[SourceVersionDate "1999.11.16"]
[SourceQuality "1"]

1. e4 c5 2. Nf3 Nf6 3. Nc3 d5 4. Bb5+ Bd7 5. Bxd7+ Qxd7 6. exd5 Nxd5 7. Nxd5 Qxd5 8. 0-0 Nc6 9. d3 e6 10. Be3 Rd8 11. Qe2 Be7 12. Rfd1 Nd4 13. Bxd4 cxd4 14. Qe5 Bf6 15. Qxd5 Rxd5 16. a4 Rc5 17. Rdc1 Kd7 18. Nd2 Rhc8 19. Nc4 b6 20. Re1 R8c6 21. b4 Rxc4 22. b5 R6c5 23. dxc4 Rxc4 24. Ra2 Kd6 25. Kf1 Kd5 26. f3 Bg5 27. Ke2 e5 28. Rd1 f5 29. Rf1 g6 30. h3 Rc3 31. h4 Bxh4 32. Rh1 Re3+ 33. Kd1 g5 34. Kd2 e4 35. fxe4+ Kxe4 36. Rh3 f4 37. Ra3 h5 38. Raxe3+ dxe3+ 39. Ke2 Bg3 40. c4 g4 41. Rxg3 fxg3 42. c5 bxc5 43. a5 Kd5 44. b6 axb6 45. a6 Kc6 0-1